Score 0/40 Timer 10:00
4 Plays Today
Actors' First Names 1960's TV Show % Correct
Florence & BarryThe Brady Bunch
84%
Elizabeth & Dick (or Dick)Bewitched
80.1%
Davy & MickyThe Monkees
75.9%
Fred & YvonneThe Munsters
74.8%
Rose & MoreyThe Dick Van Dyke Show
74.3%
Adam & BurtBatman
73.4%
Marlo & TedThat Girl
68.5%
Barbara & LarryI Dream of Jeannie
66.9%
Dan & DickRowan & Martin's Laugh-In
63.7%
Dawn & TinaGilligan's Island
61.7%
Eddie & EvaGreen Acres
61.2%
Buddy & MaxThe Beverly Hillbillies
60.8%
Patty & Patty (two of a kind)The Patty Duke Show
60.4%
Vicki & HarveyThe Carol Burnett Show
58.7%
Brian & SebastianFamily Affair
55.3%
Roy & BuckHee Haw
52%
Vivian & GaleThe Lucy Show
51.3%
Don & BarbaraGet Smart
50.9%
Forrest & LarryF Troop
50.2%
Bob & WernerHogan's Heroes
48.7%
Actors' First Names 1960's TV Show % Correct
Carolyn & JackieThe Addams Family
45.7%
Peggy & ClarenceThe Mod Squad
43.5%
Fess & DarbyDaniel Boone
40.9%
Bea & EdgarPetticoat Junction
40%
Peter & GregMission: Impossible
38%
Martin & KentAdam-12
37.6%
Fred & StanleyMy Three Sons
36.3%
Ron & DonThe Andy Griffith Show
33.4%
Ernest & TimMcHale's Navy
29.6%
Jack & HarryDragnet 1967
28.9%
Raymond & DonIronside
28.6%
Bill & RobertI Spy
27.2%
Alan & ConnieMr. Ed
24.7%
Sally & MargeThe Flying Nun
22.6%
Shirley & BobbyHazel
22.1%
Ken & GeorgeMayberry, RFD
21.8%
Van & BruceThe Green Hornet
16.4%
Jim & FrankGomer Pyle, U.S.M.C.
13.3%
Robert & JamesMarcus Welby M.D.
11.8%
Robert & FredIt Takes a Thief
3.8%

You're not logged in!

Compare scores with friends on all Sporcle quizzes.
OR
Log In

Sporcle TV

Today on Sporcle TV


Watch our educational content, quiz creation guides, and fun videos on Sporcle TV.

Show Comments

Extras

Top Quizzes Today


Score Distribution

Paid Content

Your Account Isn't Verified!

In order to create a playlist on Sporcle, you need to verify the email address you used during registration. Go to your Sporcle Settings to finish the process.

Report this User

Report this user for behavior that violates our Community Guidelines.

Details: